00761nam a2200229Ia 4500003000900000008004100009040001600050080001700066100003100083245007300114250001200187260003900199300001700238490005200255650002100307650002600328650001800354650001900372942000700391999001500398952011800413IN-BaIIA211028s9999 xx 000 0 eng d cIIA Library a537:538bMAX aMaxwell, James Clerk97049 2aA treatise on electricity and magnetismbvol. 1cJames Clerk Maxwell a3rd ed. aNew YorkbDover Publicationsc1954 axxxii, 506p. aDover books on physics and mathematical physics aElectricity9527 aElectromagnetism9540 aMagnetism956 aNASA Thesaurus cBK c3981d3981 00104070aBANbBANcGENd1972-08-10g20.25l0o537:538/ MAXp4443r2021-11-05v20.25w1972-08-10yBKGRs. 20.25